000 00599nam a2200193Ia 4500
005 20250423095159.0
008 250422s9999 xx 000 0 und d
020 _a9780071761123
050 _aTR 693 .W65/
100 _aWolf, Paul R...[et al.]
245 0 _aElements of photogrammetry : with applications in GIS.
250 _a4th ed.
260 _aNew York
260 _bMc Graw-Hill Education
260 _c2014
300 _a676 p
650 _aPhotogrammetry. Aerial photogrammetry. Image processing--Digital techniques. Remote sensing. Geographic information systems.
942 _cBK
999 _c29491
_d29491